000 01302nam0a22003371 4500
001 rc\2274353
005 20110829191204.1
035 _a(NLR Aleph) 006554684
090 _a6778462
_c6778462
100 _a20110829d1979 |||y0rusy50 ca
101 0 _arus
102 _aRU
105 _ay z |||||
200 1 _aВнешняя торговля СССР в послевоенный период
_e[Учеб. пособие по спец. "Междунар. экон. отношения"
_fБ.С. Ваганов, Г.П. Степанов, И.А. Кузьмин, Г.П. Папорова]
_gПод ред. Б.С. Ваганова
210 _aМосква
_cМеждунар. отношения
_d1979
215 _a310 с.
_d21
300 _aАвт. указаны на 5-й с.
606 _aВнешняя торговля СССР
_2psbo
686 _aУ9(2)843.0я73-1
_2rubbk
686 _a65.9(2)8
_2rubbk
701 1 _aКузьмин
_bИ. А.
701 1 _aПапорова
_bГ. П.
701 1 _aСтепанов
_bГ. П.
701 1 _aВаганов
_bБ. С.
_gБорис Сергеевич
_4340
801 0 _aRU
_bNLR
_gpsbo
801 1 _aRU
_bELAR
_2rusmarc
852 _aNLR
_j79-3/10966
899 _aRuMoRGB
_jБ 79-31/247
899 _aRuMoRGB
_jБ 79-31/248
942 _cBOOK
980 _aNB